Państwa Unii Europejskiej - Sudden Death. - Statystyki

Ogólne statystyki
  • Ten quiz został rozwiązany 59 razy
  • Średni wynik to 11 z 27
Answers on the Grid
Answers color-coded by a green-red scale on the quiz's grid according to % correct below.
Albania
Andora
Australia
Austria
Belgia
Białoruś
Bośnia i Hercegowina
Bułgaria
Chorwacja
Cypr
Czarnogóra
Czechy
Dania
Estonia
Finlandia
Francja
Grecja
Hiszpania
Holandia
Irlandia
Islandia
Izrael
Kanada
Kosowo
Liechtenstein
Litwa
Łotwa
Luksemburg
Malta
Mołdawia
Monako
Niemcy
Norwegia
Polska
Portugalia
Rosja
Rumunia
San Marino
Serbia
Słowacja
Słowenia
Stany Zjednoczone
Szwajcaria
Szwecja
Turcja
Ukraina
Watykan
Węgry
Wielka Brytania
Włochy
 
Statystyki odpowiedzi
Odpowiedź % Poprawnych
Austria
67%
Belgia
67%
Francja
63%
Hiszpania
63%
Chorwacja
60%
Grecja
57%
Czechy
53%
Dania
53%
Holandia
53%
Bułgaria
47%
Litwa
47%
Łotwa
47%
Niemcy
47%
Polska
47%
Finlandia
40%
Irlandia
37%
Estonia
33%
Portugalia
30%
Cypr
27%
Luksemburg
23%
Słowacja
23%
Włochy
23%
Malta
20%
Słowenia
20%
Rumunia
17%
Szwecja
17%
Węgry
17%
Nie znaleziono quizów pasujących do podanych kryteriów
Rozkład punktacji
Procent ludzi z każdym wynikiem
Percentyl według liczby udzielonych odpowiedzi
Twoja historia wyników
Nie rozwiązałeś tego quizu